000 00946nam a22002297a 4500
005 20170808170744.0
010 _a1617CH-EN
020 _a9780670088508
_c399.00
035 _aB-643045-3073
035 _aB-664836
037 _bBSB/Ven
037 _bDBAD/PUB
082 _aS
100 _a Bond, Ruskin
245 _aThe room of the roof /
_cby Ruskin Bond; illustrated by Ahlawat Gunjan
260 _aGurgaon
_bRupa Publications
_c2016
270 _a7th floor Infinity Tower C, DLF Cyber City,
_bGurgaon
_e122002
300 _axiv,205p.
_c21cm (Hb)
942 _2ddc
_cCH
_mBON
_hS
999 _c100687
_d100687